Dynamic mechanical relaxation behavior of block copolymers: Styrene-Butadiene-Styrene rubber, SBS (Record no. 57455)

MARC details
000 -LEADER
fixed length control field 00688nam a2200229Ia 4500
100 ## - MAIN ENTRY--AUTHOR NAME
Personal name Mansour Ashraf A
245 #0 - TITLE STATEMENT
Title Dynamic mechanical relaxation behavior of block copolymers: Styrene-Butadiene-Styrene rubber, SBS
260 ## - PUBLICATION, DISTRIBUTION, ETC. (IMPRINT)
Name of publisher Journal of Elastomers and Plastics
Year of publication 2002
300 ## - PHYSICAL DESCRIPTION
Number of Pages 33-48
650 ## - SUBJECT ADDED ENTRY--TOPICAL TERM
Topical Term Block copolymers
650 ## - SUBJECT ADDED ENTRY--TOPICAL TERM
Topical Term Dynamic mechanical measurements
650 ## - SUBJECT ADDED ENTRY--TOPICAL TERM
Topical Term Glass process
650 ## - SUBJECT ADDED ENTRY--TOPICAL TERM
Topical Term Master curves
650 ## - SUBJECT ADDED ENTRY--TOPICAL TERM
Topical Term Meander model
650 ## - SUBJECT ADDED ENTRY--TOPICAL TERM
Topical Term SBS
650 ## - SUBJECT ADDED ENTRY--TOPICAL TERM
Topical Term Shear band process
650 ## - SUBJECT ADDED ENTRY--TOPICAL TERM
Topical Term Shear compliance
650 ## - SUBJECT ADDED ENTRY--TOPICAL TERM
Topical Term Styrene-butadiene-styrene
700 ## - ADDED ENTRY--PERSONAL NAME
Personal name Mohammady Sayed Z
942 ## - ADDED ENTRY ELEMENTS (KOHA)
Koha item type Journals
Holdings
Withdrawn status Lost status Damaged status Not for loan Home library Current library Shelving location Date acquired Serial Enumeration / chronology Koha item type
      Journals RRII Library RRII Library Rubber chemistry 25/06/2002 Volume 34, Issue 1 Journals